Cartulari de Poblet : edició del manuscrit de Tarragona edició del manuscrit de Tarragona
Descripción Física:
268, [2] p. ; 29 cm
MARC
| LEADER | 00000nam a2200000Ia 4500 | ||
|---|---|---|---|
| 001 | 11830 | ||
| 008 | 160829s1938 xx 000 0 cat d | ||
| 080 | |a A-1-1 | ||
| 245 | |a Cartulari de Poblet : |b edició del manuscrit de Tarragona | ||
| 260 | |a Barcelona : |b Institut d'Estudis Catalans, |c 1938 | ||
| 300 | |a 268, [2] p. ; |c 29 cm | ||
| 650 | |a Monestir de Santa Maria de Poblet |x Història |x Fonts |9 28188 | ||
| 710 | 2 | |a Institut d'Estudis Catalans |9 52284 | |
| 901 | |a Arxiu | ||
| 942 | |n 1 | ||
| 952 | |0 0 |1 0 |4 0 |6 A11 |7 1 |9 44714 |a Arxiu |b Arxiu |d 2016-12-01 |l 0 |o A-1-1 |p 11830 |r 2016-12-01 00:00:00 |w 2016-12-01 |y ARXIU | ||
| 999 | |c 47295 |d 47295 | ||